[Event "Sivagangai Tamilnadu op U11 32th"]
[Site "Sivagangai Tamilnadu"]
[Date "2018.07.31"]
[Round "5.10"]
[White "Shahil, Dey"]
[Black "Rajkumar, S."]
[Result "1-0"]
[WhiteElo "1978"]
[BlackElo "1393"]
[PlyCount "65"]
[EventDate "2018.07.28"]
[EventType "swiss"]
[EventRounds "11"]
[EventCountry "IND"]
[SourceTitle "EXT 2024"]
[Source "ChessBase"]
[SourceDate "2023.10.10"]
[SourceVersion "1"]
[SourceVersionDate "2023.10.10"]
[SourceQuality "1"]

1. e4 c5 2. Nc3 Nc6 3. Nge2 e6 4. d4 cxd4 5. Nxd4 Qc7 6. Be2 a6 7. 0-0 Nf6 8. Be3 Bb4 9. Na4 Be7 10. Nxc6 bxc6 11. Nb6 Rb8 12. Nxc8 Qxc8 13. Bd4 c5 14. Be5 Rb6 15. Qd3 d6 16. Bc3 0-0 17. b3 Rd8 18. Ba5 Rc6 19. Bxd8 Qxd8 20. Rad1 Qc7 21. c4 Nd7 22. f4 e5 23. g3 Rb6 24. Bg4 Nb8 25. fxe5 dxe5 26. Qd5 Bf8 27. Bd7 Qxd7 28. Qxd7 Nxd7 29. Rxd7 f6 30. Rfd1 Rb8 31. Rd8 Rb7 32. R1d7 Rb6 33. Rc7 1-0